[Event "46th GRE-chT Premier 2018"]
[Site "Rio Achaia"]
[Date "2018.07.15"]
[Round "7"]
[White "Ratsma, Rosa"]
[Black "Galunova, Tsveta"]
[Result "1-0"]
[WhiteElo "2265"]
[BlackElo "2204"]
[Annotator "NA"]
[PlyCount "59"]
[EventDate "2018.07.10"]
[EventType "team-tourn"]
[EventCountry "GRE"]
[SourceTitle "playchess.com"]
[Source "ChessBase"]
[SourceQuality "1"]

1. e4 c5 2. Nf3 e6 3. d4 cxd4 4. Nxd4 Qb6 5. Nb3 Qc7 6. Nc3 a6 7. Be3 d6 8. f4 Nf6 9. g4 h6 10. Qf3 b5 11. Bd3 Nbd7 12. h4 Nb6 13. Rf1 Nc4 14. Bxc4 bxc4 15. Nd4 d5 16. exd5 Bb7 17. f5 Bb4 18. fxe6 Bxd5 19. exf7+ Qxf7 20. Qf4 Bxc3+ 21. bxc3 O-O 22. Nf5 h5 23. Qg5 Kh7 24. gxh5 Rae8 25. O-O-O Re5 26. Bd4 Re6 27. Rg1 Rg8 28. Qg6+ Qxg6 29. hxg6+ Kh8 30. Bxf6 1-0

[Event "46th GRE-chT Premier 2018"]
[Site "Rio Achaia"]
[Date "2018.07.15"]
[Round "7"]
[White "Hadzimanolis, Antonios"]
[Black "Alexiadis, Hristos"]
[Result "1/2-1/2"]
[WhiteElo "2246"]
[BlackElo "2244"]
[Annotator "NA"]
[PlyCount "26"]
[EventDate "2018.07.10"]
[EventType "team-tourn"]
[EventCountry "GRE"]
[SourceTitle "playchess.com"]
[Source "ChessBase"]
[SourceQuality "1"]

1. e4 e5 2. Nf3 Nc6 3. Bb5 a6 4. Ba4 Nf6 5. O-O Be7 6. Re1 b5 7. Bb3 O-O 8. c3 d6 9. h3 Re8 10. Ng5 Rf8 11. Nf3 Re8 12. Ng5 Rf8 13. Nf3 Re8 1/2-1/2

[Event "46th GRE-chT Premier 2018"]
[Site "Rio Achaia"]
[Date "2018.07.15"]
[Round "7"]
[White "Georgiou, Kostantinos"]
[Black "Sadzikowski, Daniel"]
[Result "0-1"]
[WhiteElo "2242"]
[BlackElo "2567"]
[Annotator "TA"]
[PlyCount "130"]
[EventDate "2018.07.10"]
[EventType "team-tourn"]
[EventCountry "GRE"]
[SourceTitle "playchess.com"]
[Source "ChessBase"]
[SourceQuality "1"]

1. e4 c5 2. Nc3 Nc6 3. Nf3 g6 4. d4 cxd4 5. Nxd4 Bg7 6. Nb3 Nf6 7. Be2 d6 8. O-O O-O 9. Bg5 a6 10. Kh1 b5 11. a3 Be6 12. f4 Rc8 13. Bf3 Bc4 14. Re1 Re8 15. Rc1 Nd7 16. Bg4 Rc7 17. Re3 Nf6 18. Bf3 h6 19. Bh4 Rc8 20. Nd5 e6 21. Nc3 Nxe4 22. Rxe4 Qxh4 23. f5 Qe7 24. fxg6 fxg6 25. Rg4 Ne5 26. Rg3 Bxb3 27. cxb3 d5 28. Rb1 Qf6 29. Qd2 g5 30. Ne2 Qf5 31. Re1 Qc2 32. Qa5 Nxf3 33. gxf3 Qxb2 34. Qxa6 Qxb3 35. f4 Qc4 36. fxg5 Qe4+ 37. Rg2 hxg5 38. Qxb5 Rf8 39. Reg1 Bh6 40. Ng3 Qf3 41. Qb1 Qf7 42. Qd1 Rc4 43. a4 Ra8 44. a5 Rxa5 45. Nh5 Rac5 46. Qd2 Qxh5 47. Rxg5+ Bxg5 48. Rxg5+ Kf8 49. Rxh5 Rc1+ 50. Kg2 R5c2 51. Qxc2 Rxc2+ 52. Kf3 Ke7 53. Rh8 Kf6 54. Rh6+ Ke5 55. Rh5+ Kd4 56. Rh4+ Kd3 57. Rh5 Re2 58. h4 e5 59. Rg5 d4 60. h5 e4+ 61. Kg3 Ra2 62. h6 e3 63. h7 e2 64. Kf2 Ra8 65. Ra5 Rf8+ 0-1

[Event "46th GRE-chT Premier 2018"]
[Site "Rio Achaia"]
[Date "2018.07.15"]
[Round "7"]
[White "Alexakis, Dimitris"]
[Black "Papadopoulos, Ioannis K"]
[Result "1-0"]
[WhiteElo "2232"]
[BlackElo "2410"]
[Annotator "TA"]
[PlyCount "91"]
[EventDate "2018.07.10"]
[EventType "team-tourn"]
[EventCountry "GRE"]
[SourceTitle "playchess.com"]
[Source "ChessBase"]
[SourceQuality "1"]

1. e4 c5 2. Nf3 d6 3. d4 cxd4 4. Nxd4 Nf6 5. Nc3 a6 6. h3 e6 7. g4 b5 8. Bg2 Bb7 9. O-O Qc7 10. g5 Nfd7 11. a4 b4 12. Na2 Nc5 13. Nxb4 Bxe4 14. Bxe4 Nxe4 15. Re1 Qb7 16. Qg4 Nxf2 17. Kxf2 Qxb4 18. Nxe6 Qxg4 19. Nxf8+ Qe6 20. Nxe6 fxe6 21. Rxe6+ Kd7 22. Re4 Nc6 23. Bf4 Rhe8 24. Rxe8 Rxe8 25. Rd1 Ne5 26. Rd4 Kc6 27. b3 d5 28. Be3 g6 29. Rf4 Nd7 30. Ke2 Nc5 31. h4 Re4 32. Kf3 Rxf4+ 33. Kxf4 Nd7 34. Bd4 Kd6 35. b4 Kc6 36. c3 Kd6 37. Ke3 Kc6 38. Kd3 Nf8 39. c4 dxc4+ 40. Kxc4 Nd7 41. b5+ axb5+ 42. axb5+ Kd6 43. Bf2 Ne5+ 44. Kd4 Ng4 45. Bg3+ Kd7 46. Kc5 1-0

[Event "46th GRE-chT Premier 2018"]
[Site "Rio Achaia"]
[Date "2018.07.15"]
[Round "7"]
[White "Ergazakis, Ioannis"]
[Black "Tsaknakis, Zisis"]
[Result "1-0"]
[WhiteElo "2228"]
[BlackElo "2170"]
[Annotator "NA"]
[PlyCount "85"]
[EventDate "2018.07.10"]
[EventType "team-tourn"]
[EventCountry "GRE"]
[SourceTitle "playchess.com"]
[Source "ChessBase"]
[SourceQuality "1"]

1. e4 c5 2. Nf3 d6 3. d4 cxd4 4. Nxd4 Nf6 5. Nc3 a6 6. h3 e6 7. g4 Nfd7 8. Bg2 Be7 9. Be3 Nc6 10. Qe2 Nxd4 11. Bxd4 O-O 12. O-O Qc7 13. f4 b5 14. a3 Bb7 15. g5 Rac8 16. Be3 Qc4 17. Qg4 a5 18. Rad1 b4 19. Rd4 Qc7 20. axb4 axb4 21. Rxb4 d5 22. Rxb7 Qxb7 23. exd5 Qxb2 24. Nd1 Qa2 25. dxe6 f5 26. Qf3 Qxe6 27. Qb7 Kh8 28. Bd5 Qd6 29. c4 Bd8 30. Qxc8 Bc7 31. Qb7 Ne5 32. fxe5 Qxe5 33. Qb2 Qe7 34. Qg2 Rb8 35. Bd4 Qa3 36. Nf2 Rb3 37. Ra1 Qf8 38. Bf3 Qd6 39. Ra8+ Bb8 40. Ba7 Rb1+ 41. Bd1 Rxd1+ 42. Nxd1 Qxd1+ 43. Qf1 1-0

[Event "46th GRE-chT Premier 2018"]
[Site "Rio Achaia"]
[Date "2018.07.15"]
[Round "7"]
[White "Papadopoulos, Nikolaos"]
[Black "Hristodoulou, Panagiotis"]
[Result "0-1"]
[WhiteElo "2228"]
[BlackElo "2329"]
[Annotator "NA"]
[PlyCount "148"]
[EventDate "2018.07.10"]
[EventType "team-tourn"]
[EventCountry "GRE"]
[SourceTitle "playchess.com"]
[Source "ChessBase"]
[SourceQuality "1"]

1. g3 d5 2. Bg2 c6 3. Nf3 Bg4 4. h3 Bh5 5. O-O e6 6. d3 Bd6 7. e4 Ne7 8. Nbd2 Nd7 9. Qe1 O-O 10. b3 e5 11. Bb2 Re8 12. Nh4 f6 13. a3 a5 14. Bf3 Bxf3 15. Ndxf3 Nc5 16. Qe2 Qb6 17. Rab1 Ne6 18. Rfe1 Bc5 19. Rf1 Rad8 20. Bc1 Qc7 21. b4 axb4 22. axb4 Bb6 23. Be3 Rd7 24. Ng2 Red8 25. Bxb6 Qxb6 26. c3 Qb5 27. exd5 cxd5 28. Rfc1 Qc6 29. Nd2 Ra8 30. Nb3 b6 31. Ne3 Rda7 32. h4 Ra3 33. d4 Rxb3 34. Rxb3 Nxd4 35. Qd1 Nxb3 36. Qxb3 Kf8 37. Rd1 Rd8 38. Qc2 g6 39. Qd2 Kg7 40. Ra1 Rd7 41. Rc1 h5 42. Rc2 Qb5 43. Ra2 d4 44. cxd4 exd4 45. Ng2 Nc6 46. Ra8 Qxb4 47. Qa2 Rd8 48. Rxd8 Nxd8 49. Qd5 Nf7 50. Nf4 Qd6 51. Ne6+ Kh6 52. Qxd6 Nxd6 53. Nxd4 Kg7 54. f3 Nf5 55. Ne2 b5 56. Kf2 b4 57. Ke1 g5 58. hxg5 fxg5 59. Kd2 h4 60. gxh4 gxh4 61. Ng1 Kf6 62. Kd3 Ke5 63. Nh3 Kd5 64. Nf2 Kc5 65. f4 Kb5 66. Kc2 Kc4 67. Kb2 Ne3 68. Nh3 Nf5 69. Kc2 b3+ 70. Kb2 Kb4 71. Nf2 Ka4 72. Nh3 Ne3 73. Nf2 Nc4+ 74. Kb1 Ka3 0-1

[Event "46th GRE-chT Premier 2018"]
[Site "Rio Achaia"]
[Date "2018.07.15"]
[Round "7"]
[White "Juhasz, Barbara"]
[Black "Fragkou, Eleni"]
[Result "1/2-1/2"]
[WhiteElo "2227"]
[BlackElo "1979"]
[Annotator "NA"]
[PlyCount "99"]
[EventDate "2018.07.10"]
[EventType "team-tourn"]
[EventCountry "GRE"]
[SourceTitle "playchess.com"]
[Source "ChessBase"]
[SourceQuality "1"]

1. e4 c5 2. Nf3 d6 3. d4 cxd4 4. Qxd4 Nc6 5. Bb5 Bd7 6. Qd3 g6 7. c4 Bg7 8. O-O Nf6 9. Nc3 O-O 10. h3 a6 11. Bxc6 Bxc6 12. Be3 Nd7 13. Bd4 Nc5 14. Qe3 Bxd4 15. Nxd4 Ne6 16. Rad1 Qa5 17. a3 Nxd4 18. Qxd4 Qe5 19. Nd5 Bxd5 20. Qxe5 dxe5 21. Rxd5 Rfd8 22. Rfd1 Rxd5 23. Rxd5 Rc8 24. b3 f6 25. Kf1 Kf7 26. Ke2 Ke6 27. Kd3 f5 28. f3 h5 29. Ke3 f4+ 30. Kf2 g5 31. a4 Rg8 32. Rd1 g4 33. hxg4 hxg4 34. fxg4 Rxg4 35. Rd3 Rh4 36. c5 Rh1 37. Rc3 Kd7 38. Kf3 Re1 39. b4 Kc6 40. Rb3 Ra1 41. Kg4 Rxa4 42. Kf5 a5 43. bxa5 Rxa5 44. Kxe5 Ra2 45. Rb6+ Kxc5 46. Rxb7 Rxg2 47. Rc7+ Kb6 48. Rxe7 f3 49. Rf7 Rf2 50. Kd4 1/2-1/2

[Event "46th GRE-chT Premier 2018"]
[Site "Rio Achaia"]
[Date "2018.07.15"]
[Round "7"]
[White "Tsakiris, Haralambos"]
[Black "Alexakis, Dimitrios"]
[Result "1-0"]
[WhiteElo "2222"]
[BlackElo "2102"]
[Annotator "NA"]
[PlyCount "81"]
[EventDate "2018.07.10"]
[EventType "team-tourn"]
[EventCountry "GRE"]
[SourceTitle "playchess.com"]
[Source "ChessBase"]
[SourceQuality "1"]

1. d4 Nf6 2. c4 g6 3. Nc3 Bg7 4. e4 d6 5. f3 O-O 6. Be3 c5 7. Nge2 Nc6 8. d5 Ne5 9. Ng3 h5 10. Be2 a6 11. O-O b5 12. cxb5 axb5 13. Nxb5 Ba6 14. a4 Ne8 15. h3 Nc7 16. Na3 h4 17. Bxa6 Nxa6 18. Nh1 Nb4 19. Nf2 Qa5 20. b3 Qa6 21. f4 Nd7 22. Rb1 Na2 23. Qg4 Nf6 24. Qf3 Nc3 25. Rb2 Ncxe4 26. Nxe4 Nxe4 27. Qxe4 Bxb2 28. Nc4 Bf6 29. f5 Kg7 30. Rf4 Bg5 31. Rg4 Bxe3+ 32. Nxe3 Qb7 33. fxg6 f5 34. Nxf5+ Rxf5 35. Qxf5 Rf8 36. Qh5 Rh8 37. Qg5 c4 38. Rf4 cxb3 39. Rf7+ Kg8 40. g7 Qb6+ 41. Kh2 1-0

[Event "46th GRE-chT Premier 2018"]
[Site "Rio Achaia"]
[Date "2018.07.15"]
[Round "7"]
[White "Roinos, Ilias"]
[Black "Dimitrov, Atanas"]
[Result "1-0"]
[WhiteElo "2220"]
[BlackElo "2294"]
[Annotator "NA"]
[PlyCount "71"]
[EventDate "2018.07.10"]
[EventType "team-tourn"]
[EventCountry "GRE"]
[SourceTitle "playchess.com"]
[Source "ChessBase"]
[SourceQuality "1"]

1. e4 c6 2. d4 d5 3. exd5 cxd5 4. c4 Nf6 5. Nc3 g6 6. cxd5 Bg7 7. Bc4 O-O 8. Nge2 Na6 9. O-O Nc7 10. Nf4 b6 11. Re1 Bb7 12. Qb3 Qd7 13. a4 Rab8 14. Nd3 Ncxd5 15. Ne5 Qd6 16. Bg5 Rbd8 17. a5 e6 18. Nb5 Qb8 19. a6 Ba8 20. Rac1 h6 21. Bh4 Nf4 22. Bg3 N6h5 23. Nxf7 Rxf7 24. Bxe6 Bd5 25. Bxd5 Rxd5 26. Qxd5 Nxg3 27. Qc4 Nf5 28. Qc8+ Qxc8 29. Rxc8+ Kh7 30. Ra8 Nd3 31. Rxa7 Rf8 32. Ra1 Nxf2 33. Rd7 Ne3 34. Re1 Nfd1 35. a7 Kg8 36. Nc7 1-0

[Event "46th GRE-chT Premier 2018"]
[Site "Rio Achaia"]
[Date "2018.07.15"]
[Round "7"]
[White "Sandalakis, Nikolaos"]
[Black "Milonakis, Georgios"]
[Result "1/2-1/2"]
[WhiteElo "2209"]
[BlackElo "2200"]
[Annotator "NA"]
[PlyCount "60"]
[EventDate "2018.07.10"]
[EventType "team-tourn"]
[EventCountry "GRE"]
[SourceTitle "playchess.com"]
[Source "ChessBase"]
[SourceQuality "1"]

1. e4 e5 2. Nf3 Nc6 3. Nc3 Nf6 4. Be2 d5 5. exd5 Nxd5 6. Bb5 Nxc3 7. bxc3 Bd6 8. O-O O-O 9. d4 exd4 10. cxd4 Bg4 11. c3 Qf6 12. Bd3 Rfe8 13. Rb1 Rab8 14. h3 Bxf3 15. Qxf3 Qxf3 16. gxf3 Ne7 17. c4 b6 18. Be3 Ng6 19. c5 Be7 20. Rfc1 Bf6 21. cxb6 cxb6 22. Rc7 Re7 23. Rbc1 Rd8 24. Bxg6 hxg6 25. Rxe7 Bxe7 26. Rc7 Bf6 27. Rxa7 Bxd4 28. Bxd4 Rxd4 29. a4 g5 30. Kg2 f6 1/2-1/2

[Event "46th GRE-chT Premier 2018"]
[Site "Rio Achaia"]
[Date "2018.07.15"]
[Round "7"]
[White "Tzouganakis, Panteleimon"]
[Black "Krallis, Christos"]
[Result "1-0"]
[WhiteElo "2206"]
[BlackElo "2132"]
[Annotator "NA"]
[PlyCount "97"]
[EventDate "2018.07.10"]
[EventType "team-tourn"]
[EventCountry "GRE"]
[SourceTitle "playchess.com"]
[Source "ChessBase"]
[SourceQuality "1"]

1. e4 e5 2. Nf3 Nc6 3. Bc4 Bc5 4. b4 Bxb4 5. c3 Be7 6. d4 Na5 7. Nxe5 Nxc4 8. Nxc4 d5 9. exd5 Qxd5 10. Ne3 Qd8 11. O-O Nf6 12. c4 O-O 13. Bb2 c6 14. Nc3 b5 15. cxb5 cxb5 16. Qf3 Rb8 17. d5 b4 18. Ne4 Nxe4 19. Qxe4 Bf6 20. Rab1 Bxb2 21. Rxb2 a5 22. Rd1 Qf6 23. Rbd2 Bd7 24. d6 Rfe8 25. Qc4 a4 26. Nd5 Qxd6 27. Ne3 Qg6 28. Rxd7 b3 29. axb3 axb3 30. Qd3 Qc6 31. Qd5 Qg6 32. Rb7 Rxb7 33. Qxb7 Qe6 34. Rb1 h5 35. Qxb3 Qg6 36. Rd1 h4 37. h3 Qh5 38. Rd7 Ra8 39. Qd1 Qg5 40. Qf3 Ra1+ 41. Rd1 Ra5 42. Qe4 g6 43. Rc1 Re5 44. Rc8+ Kg7 45. Qd4 Qf6 46. Qd8 Qxd8 47. Rxd8 f5 48. Rd4 g5 49. Rd5 1-0

[Event "46th GRE-chT Premier 2018"]
[Site "Rio Achaia"]
[Date "2018.07.15"]
[Round "7"]
[White "Koyias, Konstantinos"]
[Black "Lekic, Dusan"]
[Result "0-1"]
[WhiteElo "2192"]
[BlackElo "2356"]
[Annotator "NA"]
[PlyCount "64"]
[EventDate "2018.07.10"]
[EventType "team-tourn"]
[EventCountry "GRE"]
[SourceTitle "playchess.com"]
[Source "ChessBase"]
[SourceQuality "1"]

1. c4 e5 2. g3 Nf6 3. Bg2 d5 4. cxd5 Nxd5 5. Nc3 Nb6 6. Nf3 Nc6 7. d3 Be7 8. a3 O-O 9. O-O Be6 10. b4 a5 11. b5 Nd4 12. Rb1 f6 13. a4 c6 14. Bd2 c5 15. Ne1 Qd7 16. f4 c4 17. Kh1 cxd3 18. Nxd3 Nc4 19. Bc1 Nf5 20. Rf3 Qd4 21. Nf2 Nce3 22. Qd3 Qxd3 23. exd3 Nxg2 24. Kxg2 Rac8 25. Bb2 Bb4 26. Nfd1 exf4 27. Rxf4 Rfd8 28. Rf3 Nd4 29. Rf2 Nb3 30. Re2 Bg4 31. Re3 Bc5 32. Re4 Bf5 0-1

[Event "46th GRE-chT Premier 2018"]
[Site "Rio Achaia"]
[Date "2018.07.15"]
[Round "7"]
[White "Papadopoulos, Panayotis"]
[Black "Vatkali, Dimitra"]
[Result "1-0"]
[WhiteElo "2189"]
[BlackElo "1979"]
[Annotator "NA"]
[PlyCount "68"]
[EventDate "2018.07.10"]
[EventType "team-tourn"]
[EventCountry "GRE"]
[SourceTitle "playchess.com"]
[Source "ChessBase"]
[SourceQuality "1"]

1. d4 d5 2. Nf3 Nf6 3. c4 c6 4. e3 e6 5. Nbd2 Nbd7 6. Bd3 dxc4 7. Nxc4 c5 8. O-O Be7 9. Nce5 O-O 10. Qe2 Nxe5 11. dxe5 Nd7 12. b3 Qc7 13. Bb2 Rd8 14. Rac1 b6 15. Nd4 Bb7 16. f4 g6 17. Bb1 Nf8 18. Nf3 Rd7 19. e4 a5 20. f5 Ba6 21. Qe3 exf5 22. exf5 gxf5 23. Bxf5 Bxf1 24. Rxf1 Rad8 25. e6 Rd4 26. exf7+ Kxf7 27. Nxd4 cxd4 28. Bd7+ Bf6 29. Rxf6+ Kxf6 30. Qxd4+ Ke7 31. Qg7+ Kd6 32. Be5+ Kc5 33. Bxc7 Rxd7 34. Qxf8+ Kd5 1-0

[Event "46th GRE-chT Premier 2018"]
[Site "Rio Achaia"]
[Date "2018.07.15"]
[Round "7"]
[White "Liodakis, Konstantinos-Spyros"]
[Black "Poulopoulos, Ioannis"]
[Result "1/2-1/2"]
[WhiteElo "2183"]
[BlackElo "2268"]
[Annotator "NA"]
[PlyCount "65"]
[EventDate "2018.07.10"]
[EventType "team-tourn"]
[EventCountry "GRE"]
[SourceTitle "playchess.com"]
[Source "ChessBase"]
[SourceQuality "1"]

1. e4 e5 2. Nf3 Nc6 3. Nc3 Nf6 4. Bb5 Bd6 5. d3 h6 6. O-O O-O 7. a3 Ne7 8. d4 Ng6 9. Nxe5 Nxe5 10. f4 Nc6 11. e5 Ne8 12. exd6 Nxd6 13. Bd3 Qf6 14. Nd5 Qh4 15. Nxc7 Rb8 16. Be3 Ne7 17. f5 Qf6 18. Qf3 b5 19. Nd5 Nxd5 20. Qxd5 Nc4 21. Bf4 Rb6 22. Bxc4 bxc4 23. Be5 Qg5 24. Rf2 Ba6 25. Qxd7 Bb7 26. c3 Qe3 27. Qa4 Rxb2 28. Raf1 Rxf2 29. Rxf2 Qc1+ 30. Rf1 Qe3+ 31. Rf2 Qe1+ 32. Rf1 Qe3+ 33. Rf2 1/2-1/2

[Event "46th GRE-chT Premier 2018"]
[Site "Rio Achaia"]
[Date "2018.07.15"]
[Round "7"]
[White "Tsiros, Fragkiskos Vlasios"]
[Black "Kollias, Ioannis K"]
[Result "1-0"]
[WhiteElo "2181"]
[BlackElo "1546"]
[Annotator "NA"]
[PlyCount "91"]
[EventDate "2018.07.10"]
[EventType "team-tourn"]
[EventCountry "GRE"]
[SourceTitle "playchess.com"]
[Source "ChessBase"]
[SourceQuality "1"]

1. Nf3 Nf6 2. c4 e6 3. g3 d5 4. Bg2 Be7 5. O-O O-O 6. d3 c5 7. cxd5 Nxd5 8. a3 Nc6 9. e4 Nc7 10. Bf4 Nb5 11. Nc3 Nbd4 12. e5 Qb6 13. Nxd4 Nxd4 14. Rb1 Bd7 15. Ne4 Bc6 16. Qg4 Rfd8 17. b4 cxb4 18. axb4 Qb5 19. Rfd1 Nf5 20. Nc3 Qb6 21. Be4 Bxe4 22. dxe4 Nd4 23. Be3 Rac8 24. Rbc1 Qxb4 25. Nd5 Rxc1 26. Nxb4 Nf3+ 27. Kg2 Rcxd1 28. Bh6 g6 29. Qxf3 Bxb4 30. Bg5 R8d7 31. h4 R1d3 32. Qe2 h5 33. g4 hxg4 34. Qxg4 Be7 35. Bf6 Bxf6 36. exf6 R3d6 37. e5 Rd4 38. Qg5 Kh7 39. h5 Rc4 40. hxg6+ fxg6 41. Qg3 Rcc7 42. Qh3+ Kg8 43. Qxe6+ Kf8 44. Qh3 Rh7 45. Qa3+ Kf7 46. Qd6 1-0

[Event "46th GRE-chT Premier 2018"]
[Site "Rio Achaia"]
[Date "2018.07.15"]
[Round "7"]
[White "Beliotis, Georgios"]
[Black "Kokkota, Eleni"]
[Result "0-1"]
[WhiteElo "2175"]
[BlackElo "1616"]
[Annotator "NA"]
[PlyCount "142"]
[EventDate "2018.07.10"]
[EventType "team-tourn"]
[EventCountry "GRE"]
[SourceTitle "playchess.com"]
[Source "ChessBase"]
[SourceQuality "1"]

1. c4 c5 2. g3 Nf6 3. Bg2 d5 4. cxd5 Nxd5 5. Nc3 Nc7 6. Nh3 e5 7. O-O Be7 8. f4 O-O 9. f5 Nc6 10. Ne4 f6 11. d3 Kh8 12. g4 h6 13. Nhf2 Qe8 14. Ng3 Rb8 15. Nfe4 Nd4 16. Bd2 b6 17. Rc1 Ncb5 18. b4 cxb4 19. e3 Nc6 20. Qa4 a6 21. Nd6 Bxd6 22. Bxc6 Bd7 23. Bxd7 Qxd7 24. Rfd1 Rfd8 25. Bxb4 Bxb4 26. Qxb4 Qd6 27. Qb3 Qd5 28. Qxd5 Rxd5 29. Kf2 Rd7 30. Ke2 Rc7 31. Rxc7 Nxc7 32. Rc1 Nd5 33. Ne4 Kg8 34. Rc6 Nb4 35. Rc4 Nxa2 36. Ra4 Nc1+ 37. Kd2 Nb3+ 38. Kc2 Na5 39. Kd2 Rc8 40. Ra3 Kf8 41. Nc3 Rd8 42. Ke2 Ke7 43. Na4 Rd6 44. Nxb6 Rxb6 45. Rxa5 Rb2+ 46. Kf3 Rxh2 47. Rxa6 Rh3+ 48. Ke4 Rg3 49. Ra7+ Kf8 50. Kd5 Rxe3 51. d4 exd4 52. Ra4 d3 53. Rd4 Rg3 54. Kc4 d2 55. Rxd2 Rxg4+ 56. Kd5 Rf4 57. Ke6 Re4+ 58. Kd6 h5 59. Rh2 h4 60. Kd5 Rg4 61. Rh3 Kf7 62. Ra3 Kg8 63. Rh3 Kh7 64. Ke6 Kh6 65. Kf7 Kh5 66. Ra3 Rg3 67. Ra8 Rg5 68. Ra3 Kg4 69. Ra4+ Kh5 70. Ra8 h3 71. Ra4 h2 0-1

[Event "46th GRE-chT Premier 2018"]
[Site "Rio Achaia"]
[Date "2018.07.15"]
[Round "7"]
[White "Hrisomalis, Theodoros"]
[Black "Papakonstantinou, Dimitrios"]
[Result "1/2-1/2"]
[WhiteElo "2163"]
[BlackElo "2336"]
[Annotator "NA"]
[PlyCount "133"]
[EventDate "2018.07.10"]
[EventType "team-tourn"]
[EventCountry "GRE"]
[SourceTitle "playchess.com"]
[Source "ChessBase"]
[SourceQuality "1"]

1. e4 d6 2. d4 Nf6 3. Nc3 c6 4. a4 Qa5 5. Bd2 Qc7 6. h3 e5 7. dxe5 dxe5 8. Bc4 Be7 9. Nf3 O-O 10. O-O b6 11. Qe2 a6 12. Rfd1 Nbd7 13. Be3 Bb7 14. Nd2 b5 15. Bb3 Nc5 16. f3 Nfd7 17. Qf2 Rfe8 18. Kh1 Bf8 19. Kg1 Qd8 20. Kh1 Qf6 21. Ne2 g6 22. Nc3 h6 23. Ne2 Kh7 24. Nc3 Kg8 25. Ne2 Qe7 26. Nc3 Bg7 27. Kg1 Rf8 28. Kh1 h5 29. Kh2 Bf6 30. Kh1 Bg5 31. Bxg5 Qxg5 32. h4 Qe7 33. Qg3 Kg7 34. Qg5 Qxg5 35. hxg5 h4 36. Kg1 Rh8 37. axb5 axb5 38. Rxa8 Bxa8 39. Ra1 Bb7 40. Ra7 Nb6 41. Ba2 Nc8 42. Ra5 Nd7 43. Ne2 Nd6 44. c4 Rh5 45. cxb5 cxb5 46. Nc3 b4 47. Nd5 Rxg5 48. Kf2 f5 49. exf5 gxf5 50. Nxb4 e4 51. Nd5 Nf6 52. Nf4 Kh6 53. Be6 Nh5 54. Nxh5 Kxh5 55. Bd5 e3+ 56. Kxe3 f4+ 57. Kd4 Nf5+ 58. Kd3 Bxd5 59. Rxd5 Kg6 60. Rd8 Rxg2 61. Rg8+ Ng7 62. Rh8 Nh5 63. Rg8+ Ng7 64. Rh8 Nh5 65. Rg8+ Ng7 66. Rh8 Nh5 67. Kd4 1/2-1/2

[Event "46th GRE-chT Premier 2018"]
[Site "Rio Achaia"]
[Date "2018.07.15"]
[Round "7"]
[White "Korniotis, Filippos"]
[Black "Michaelides, Konstantinos"]
[Result "1-0"]
[WhiteElo "2163"]
[BlackElo "2282"]
[Annotator "NA"]
[PlyCount "129"]
[EventDate "2018.07.10"]
[EventType "team-tourn"]
[EventCountry "GRE"]
[SourceTitle "playchess.com"]
[Source "ChessBase"]
[SourceQuality "1"]

1. d4 Nf6 2. c4 e6 3. Nc3 Bb4 4. e3 O-O 5. Bd3 d5 6. Nf3 c5 7. O-O Nc6 8. cxd5 exd5 9. dxc5 Bxc5 10. h3 Re8 11. a3 Bb6 12. Ne2 Qd6 13. Bc2 Bd7 14. Bd2 Ne4 15. Bc3 Bf5 16. Bb3 Rad8 17. Bd4 Nxd4 18. Nexd4 Bd7 19. Rc1 Rc8 20. Rxc8 Rxc8 21. Ba4 g6 22. Bxd7 Qxd7 23. Qd3 Nc5 24. Qe2 Ne6 25. Qd2 a6 26. Rd1 Rd8 27. Qb4 Bc5 28. Qb3 Bxd4 29. Nxd4 Nc5 30. Qc2 Ne4 31. Nf3 Qc6 32. Qb3 Nc5 33. Qc3 Ne4 34. Qd3 Qb6 35. Nd2 Nc5 36. Qd4 Qb5 37. Nb1 Ne6 38. Qc3 Qa4 39. b3 Qb5 40. Qb2 Nc5 41. b4 Ne6 42. Nc3 Qc6 43. Ne2 Qa4 44. Rc1 Qd7 45. Rd1 Qa4 46. Rd2 h5 47. Nd4 Nc7 48. Rc2 Na8 49. Nb3 Qd7 50. Qf6 Re8 51. Nc5 Qb5 52. Rd2 Nb6 53. Rd4 Nd7 54. Nxd7 Qxd7 55. Qg5 Rc8 56. e4 Qa4 57. exd5 Qxa3 58. Kh2 Qc3 59. Qf4 Qc7 60. d6 Qd7 61. g4 hxg4 62. hxg4 Qe6 63. Qg5 Qd7 64. Rd3 Qb5 65. d7 1-0

[Event "46th GRE-chT Premier 2018"]
[Site "Rio Achaia"]
[Date "2018.07.15"]
[Round "7"]
[White "Kouvatsos, Filippos"]
[Black "Goumas, Georgios"]
[Result "1/2-1/2"]
[WhiteElo "2148"]
[BlackElo "2384"]
[Annotator "NA"]
[PlyCount "93"]
[EventDate "2018.07.10"]
[EventType "team-tourn"]
[EventCountry "GRE"]
[SourceTitle "playchess.com"]
[Source "ChessBase"]
[SourceQuality "1"]

1. d4 d5 2. c4 e6 3. Nc3 a6 4. cxd5 exd5 5. Nf3 Nf6 6. Bg5 Be6 7. e3 Nbd7 8. Bd3 Bd6 9. Qc2 c6 10. O-O Qc7 11. Bf5 Bxf5 12. Qxf5 O-O 13. Rac1 Rfe8 14. Bh4 h6 15. Bg3 Bxg3 16. hxg3 Qd6 17. Rc2 Re7 18. Rfc1 Rae8 19. Nd2 Nf8 20. Na4 Ne6 21. Nc5 Ng5 22. b4 Nh5 23. Nf1 g6 24. Qd3 Nf6 25. Nxa6 Kg7 26. Nc5 h5 27. b5 Rh8 28. bxc6 bxc6 29. Nb3 h4 30. Rxc6 Qd7 31. Rc7 Qe6 32. R1c6 Rxc7 33. Rxe6 Nxe6 34. gxh4 Rxh4 35. Nfd2 Ra7 36. Qc2 Ra8 37. Nf3 Rhh8 38. Nc5 Rhc8 39. Ne5 Ne4 40. Ned7 Rc6 41. Qb3 N6xc5 42. Qxd5 Rac8 43. dxc5 Nxc5 44. Qe5+ Kh6 45. Qf4+ Kg7 46. Qe5+ Kh6 47. Qf4+ 1/2-1/2

[Event "46th GRE-chT Premier 2018"]
[Site "Rio Achaia"]
[Date "2018.07.15"]
[Round "7"]
[White "Petrakis, Ilias"]
[Black "Vragoteris, Antonios"]
[Result "1/2-1/2"]
[WhiteElo "2118"]
[BlackElo "2160"]
[Annotator "NA"]
[PlyCount "106"]
[EventDate "2018.07.10"]
[EventType "team-tourn"]
[EventCountry "GRE"]
[SourceTitle "playchess.com"]
[Source "ChessBase"]
[SourceQuality "1"]

1. e4 c5 2. Nf3 Nc6 3. Bb5 g6 4. c3 Nf6 5. e5 Nd5 6. O-O Bg7 7. d4 cxd4 8. cxd4 O-O 9. Nc3 Nxc3 10. bxc3 d6 11. Re1 Bg4 12. h3 Bxf3 13. Qxf3 dxe5 14. Bxc6 bxc6 15. dxe5 Qd5 16. Qe2 Rfd8 17. Ba3 Qe6 18. Rad1 Rxd1 19. Rxd1 f6 20. Qg4 Kf7 21. exf6 Bxf6 22. Qxe6+ Kxe6 23. c4 Rb8 24. Bc5 Rb2 25. Bxa7 Rxa2 26. Be3 Rc2 27. c5 Bb2 28. Rd8 Bc1 29. Rd3 Bxe3 30. Rxe3+ Kf6 31. Rf3+ Kg7 32. Re3 Kf7 33. Re5 Kf6 34. f4 h6 35. h4 Rc4 36. g3 Rc2 37. Kf1 h5 38. Ke1 e6 39. Kd1 Rc3 40. Rg5 Rd3+ 41. Kc2 Rd5 42. Kc3 Rxg5 43. fxg5+ Kf5 44. Kd4 e5+ 45. Ke3 Kg4 46. Ke4 Kxg3 47. Kxe5 Kxh4 48. Kf6 Kg4 49. Kxg6 h4 50. Kf6 h3 51. g6 h2 52. g7 h1=Q 53. g8=Q+ Kf4 1/2-1/2

[Event "46th GRE-chT Premier 2018"]
[Site "Rio Achaia"]
[Date "2018.07.15"]
[Round "7"]
[White "Drakopoulos, Polihronis"]
[Black "Konstantelias, Konstantinos"]
[Result "0-1"]
[WhiteElo "2105"]
[BlackElo "1942"]
[Annotator "NA"]
[PlyCount "100"]
[EventDate "2018.07.10"]
[EventType "team-tourn"]
[EventCountry "GRE"]
[SourceTitle "playchess.com"]
[Source "ChessBase"]
[SourceQuality "1"]

1. e4 d5 2. exd5 Qxd5 3. Nc3 Qa5 4. Bc4 Nf6 5. d3 c6 6. Qe2 Bf5 7. Bd2 e6 8. h3 h5 9. O-O-O Qc7 10. Nf3 b5 11. Bb3 b4 12. Ne4 Bxe4 13. dxe4 a5 14. g4 g6 15. Ng5 Nbd7 16. f4 Nc5 17. Bc4 Bh6 18. f5 Qe5 19. Nf3 Bxd2+ 20. Rxd2 Qxe4 21. fxe6 hxg4 22. exf7+ Kf8 23. Qf2 Qxc4 24. Ne5 Qxa2 25. Qxc5+ Kg7 26. f8=Q+ Rhxf8 27. Re2 Qa1+ 28. Kd2 Rad8+ 29. Ke3 Nd5+ 30. Qxd5 Rxd5 31. Rxa1 Rxe5+ 32. Kd2 Rd8+ 33. Ke1 Rde8 34. Rxe5 Rxe5+ 35. Kf2 gxh3 36. Kg3 Rh5 37. Kh2 Kf6 38. Ra4 Rc5 39. Kxh3 Rxc2 40. Rxa5 Rxb2 41. Rc5 Rb3+ 42. Kg4 Rc3 43. Ra5 c5 44. Ra6+ Ke5 45. Rxg6 b3 46. Rb6 c4 47. Rb5+ Kd4 48. Kf4 Rc1 49. Kf3 Kc3 50. Ke2 b2 0-1